Top Five Countries by Language #3 - Statistics

General Stats
  • This quiz has been taken 96 times
  • The average score is 33 of 40
Answer Stats
Language Country % Correct
Italian Italy
100%
Polish Poland
100%
Turkish Greece
99%
Greek Greece
99%
Hindi India
99%
Persian Turkey
99%
Turkish Turkey
99%
Persian Iran
98%
Vietnamese Vietnam
98%
Polish Germany
93%
Greek Germany
93%
Persian United States
92%
Italian United States
92%
Vietnamese United States
92%
Hindi United States
92%
Polish United States
92%
Hindi United Kingdom
89%
Persian Pakistan
88%
Hindi Pakistan
88%
Turkish Cyprus
87%
Greek Cyprus
87%
Turkish Iraq
87%
Italian Switzerland
85%
Italian Canada
83%
Vietnamese Canada
83%
Turkish Syria
81%
Vietnamese Cambodia
77%
Persian Afghanistan
75%
Hausa Niger
75%
Hausa Nigeria
74%
Italian Albania
73%
Greek Albania
73%
Polish Czech Republic
70%
Vietnamese Australia
68%
Greek Australia
68%
Hausa Cameroon
64%
Hausa Chad
64%
Polish Lithuania
64%
Hausa Ghana
63%
Hindi Fiji
27%
No matching quizzes found
Score Distribution
Percent of People with Each Score
Percentile by Number Answered
Your Score History
You have not taken this quiz